Echoes (Record no. 3634)

MARC details
000 -LEADER
fixed length control field 00632 a2200193 4500
010 ## - LIBRARY OF CONGRESS CONTROL NUMBER
LC control number ENG-85906
020 ## - INTERNATIONAL STANDARD BOOK NUMBER
International Standard Book Number 8125031626
Terms of availability 75.00
035 ## - SYSTEM CONTROL NUMBER
System control number EN-69439
037 ## - SOURCE OF ACQUISITION
Source of stock number/acquisition D.B.Act / Pub
082 14 - DEWEY DECIMAL CLASSIFICATION NUMBER
Classification number 880
090 ## - LOCALLY ASSIGNED LC-TYPE CALL NUMBER (OCLC); LOCAL CALL NUMBER (OCLC)
-- 3712
-- 3712
100 14 - MAIN ENTRY--PERSONAL NAME
Personal name Jha, Madhulika
245 1# - TITLE STATEMENT
Title Echoes
Statement of responsibility, etc by Madhulika Jha
Remainder of title a course in english literature and language
260 ## - PUBLICATION, DISTRIBUTION, ETC. (IMPRINT)
Place of publication, distribution, etc Chennai
Name of publisher, distributor, etc Orient Longman
Date of publication, distribution, etc 2005
270 ## - ADDRESS
Address 160, Anna Salai
City Chennai
Postal code 600 002
Electronic mail address chegeneral@orientlongman.com
300 ## - PHYSICAL DESCRIPTION
Extent 140 p.
Other physical details 21 cm ( Hb.)
942 ## - ADDED ENTRY ELEMENTS (KOHA)
Institution code [OBSOLETE] dpl
Koha item type English Books
Call number prefix 880 / JHA
Holdings
Withdrawn status Lost status Source of classification or shelving scheme Damaged status Not for loan Collection code Home library Current library Source of acquisition Cost, normal purchase price Total Checkouts Full call number Barcode Date last seen Copy number Uniform Resource Identifier Cost, replacement price Price effective from Koha item type
    Dewey Decimal Classification   Not For Loan Non-fiction D.B.Act.Division D.B.Act.Division DBAD/PUB 75.00   880 JHA EN-69439 15/09/2008 1 3868 75.00 15/09/2008 English Books

© Delhi Public Library
Hit Counter
free hit counter